00505nam a2200133 a 4500008004100000050001500041245004700056250001200103260000900115350000900124995009000133999001700223952013100240120416s1985 xx |||||||||||||| || u aTH 435 Gre00aSchedule of rates for building works, 1980 a4th ed. c1985 a0.00 D0.00FCBU-MAIN LIBRARY (Kitwe)H1I0.00UDAMAGEDZMain Library Open Access Collection c57043d57043 00102lcc4070a001b001cMain Library Open Access Collectiond2022-11-30l0oTH 435 Grep015254r2022-11-30w2022-11-30y002